| 000 | 01391nam a2200349 a 4500 | ||
|---|---|---|---|
| 001 | ebr10680824 | ||
| 003 | CaPaEBR | ||
| 006 | m u | ||
| 007 | cr cn||||||||| | ||
| 008 | 080530s2009 nyua sb 001 0 eng d | ||
| 010 | _z 2008024212 | ||
| 020 | _z9781604567830 (hardcover) | ||
| 020 | _z160456783X (hardcover) | ||
| 020 | _z9781617285523 (e-book) | ||
| 040 |
_aCaPaEBR _cCaPaEBR |
||
| 035 | _a(OCoLC)662453090 | ||
| 050 | 1 | 4 |
_aQA298 _b.N86 2009eb |
| 082 | 0 | 4 |
_a518 _222 |
| 245 | 0 | 0 |
_aNumerical simulation research progress _h[electronic resource] / _cSimone P. Colombo and Christian L. Rizzo, editors. |
| 260 |
_aNew York : _bNova Science Publishers, _cc2009. |
||
| 300 |
_ax, 297 p. : _bill. (some col.) |
||
| 504 | _aIncludes bibliographical references and index. | ||
| 533 |
_aElectronic reproduction. _bPalo Alto, Calif. : _cebrary, _d2013. _nAvailable via World Wide Web. _nAccess may be limited to ebrary affiliated libraries. |
||
| 650 | 0 |
_aNumerical analysis _xSimulation methods. |
|
| 650 | 0 |
_aNumerical analysis _xResearch. |
|
| 650 | 0 |
_aQuantitative research _xMathematical models. |
|
| 655 | 7 |
_aElectronic books. _2local |
|
| 700 | 1 | _aColombo, Simone P. | |
| 700 | 1 | _aRizzo, Christian L. | |
| 710 | 2 | _aebrary, Inc. | |
| 856 | 4 | 0 |
_uhttp://site.ebrary.com/lib/rucke/Doc?id=10680824 _zAn electronic book accessible through the World Wide Web; click to view |
| 999 |
_c60235 _d60235 |
||